[Event "AUTO-OPEN-4630"]
[Site "http://www.queenalice.com/game.php?id=1866962"]
[Date "2025.12.13"]
[Round "1"]
[White "askasl159"]
[Black "mvson33"]
[Result "0-1"]
[WhiteElo "1763"]
[BlackElo "1870"]

1. e4 e5 2. f4 Nc6 3. Nf3 exf4 4. h3 d6 5. b3 Nf6 6. Nc3 Be7 7. Bb2 O-O 8. Qe2
Bd7 9. d4 Re8 10. O-O-O Bf8 11. d5 Ne5 12. Nxe5 dxe5 13. Qf3 Rb8 14. g3 Bd6 15.
gxf4 exf4 16. Bd3 a6 17. a3 c6 18. Ne2 Qc7 0-1

[Event "AUTO-OPEN-4630"]
[Site "http://www.queenalice.com/game.php?id=1866963"]
[Date "2025.12.13"]
[Round "1"]
[White "mvson33"]
[Black "askasl159"]
[Result "1-0"]
[WhiteElo "1942"]
[BlackElo "1653"]

1. e4 e5 2. Nf3 Nc6 3. Bc4 h6 4. Nc3 Nf6 5. O-O Bc5 6. d3 O-O 7. Bd2 a6 8. Nd5
b5 9. Bb3 Bb7 10. Nxf6+ Qxf6 11. Kh1 Nd4 12. Nxd4 Bxd4 13. f4 Bxb2 14. Rb1 Bd4
15. fxe5 Qxe5 16. Rf5 Qe7 17. Qe2 d6 18. Rbf1 1-0

[Event "AUTO-OPEN-4630"]
[Site "http://www.queenalice.com/game.php?id=1866964"]
[Date "2025.12.13"]
[Round "1"]
[White "askasl159"]
[Black "josebaron"]
[Result "0-1"]
[WhiteElo "1655"]
[BlackElo "2168"]

1. e4 e5 2. f4 exf4 3. Nf3 Be7 4. Bc4 Bh4+ 5. Ke2 d6 6. d4 Bg4 7. Bxf4 Nc6 8. a3
Qf6 9. Be3 Bxf3+ 10. gxf3 Bg5 11. Qd2 Bxe3 12. Kxe3 Nge7 13. Rg1 O-O-O 14. Nc3
Ng6 15. Rg3 Qf4+ 16. Ke2 Qxd2+ 17. Kxd2 Nxd4 18. Kd3 Ne6 19. Nd5 Ne5+ 20. Kc3
Nxc4 21. Kxc4 g6 22. f4 c6 23. Nf6 Nxf4 24. Rf1 d5+ 25. exd5 cxd5+ 26. Kb3 Ne6
27. Rd1 d4 28. Rdd3 Nc5+ 29. Kc4 Nxd3 30. cxd3 Rd6 0-1

[Event "AUTO-OPEN-4630"]
[Site "http://www.queenalice.com/game.php?id=1866965"]
[Date "2025.12.13"]
[Round "1"]
[White "josebaron"]
[Black "askasl159"]
[Result "1-0"]
[WhiteElo "2184"]
[BlackElo "1862"]

1. e4 e5 2. Nf3 Nc6 3. Bc4 h6 4. O-O Nf6 5. Re1 Bc5 6. Nc3 a6 7. a4 O-O 8. Nd5
Re8 9. Nxf6+ Qxf6 10. c3 d6 11. h3 Be6 12. Bxe6 Rxe6 13. d3 Rd8 14. Qb3 Bb6 15.
Be3 Na5 16. Qc2 Bxe3 17. Rxe3 d5 18. b4 Nc6 19. exd5 Rxd5 20. b5 axb5 21. axb5
Rxb5 22. Ra8+ Kh7 23. d4+ g6 24. c4 Ra5 25. Rxa5 Nxa5 26. dxe5 Qe7 27. Qc3 b6
28. Nd4 Rxe5 29. Nf5 Rxe3 30. Qg7# 1-0

[Event "AUTO-OPEN-4630"]
[Site "http://www.queenalice.com/game.php?id=1866966"]
[Date "2025.12.13"]
[Round "1"]
[White "askasl159"]
[Black "maurice916"]
[Result "0-1"]
[WhiteElo "1689"]
[BlackElo "2021"]

1. d4 d6 2. e4 Nc6 3. Nf3 e6 4. Bc4 g6 5. Bf4 Bg7 6. Nc3 Nge7 7. O-O d5 8. exd5
exd5 9. Bb3 O-O 10. a3 Be6 11. h3 a6 12. Qd3 Nf5 13. Ba2 Ncxd4 14. Nxd4 Nxd4 15.
Rad1 c5 16. Ne2 Nxe2+ 17. Qxe2 Qb6 18. b4 c4 19. Be5 f6 20. Bd4 Qc6 21. Bc5 Rfe8
22. Qf3 b6 23. Bd4 Bf5 24. Rd2 Be4 25. Qc3 b5 26. f3 Bf5 27. Bc5 Be6 0-1

[Event "AUTO-OPEN-4630"]
[Site "http://www.queenalice.com/game.php?id=1866967"]
[Date "2025.12.13"]
[Round "1"]
[White "maurice916"]
[Black "askasl159"]
[Result "1-0"]
[WhiteElo "2026"]
[BlackElo "1684"]

1. Nf3 g6 2. d4 Bg7 3. b3 Nf6 4. Bb2 d5 5. e3 Ne4 6. Nbd2 O-O 7. Be2 b6 8. O-O
Bb7 9. c4 e6 10. Nxe4 dxe4 11. Nd2 c5 12. Nb1 cxd4 13. exd4 Nd7 14. Nc3 e5 15.
d5 Nc5 16. b4 Na6 17. a3 e3 18. fxe3 e4 19. Rb1 Re8 20. Rf2 Bxd5 21. Nxd5 Nc7
22. Bxg7 1-0

[Event "Challenge"]
[Site "http://www.queenalice.com/game.php?id=1867115"]
[Date "2025.12.17"]
[Round "-"]
[White "askasl159"]
[Black "jogo"]
[Result "0-1"]
[WhiteElo "1510"]
[BlackElo "2006"]

1. e4 c5 2. b4 cxb4 3. a3 Qa5 4. Bc4 Qe5 5. d4 Qxe4+ 6. Be3 Qxg2 7. Qf3 Qxf3 8.
Nxf3 bxa3 9. Nxa3 d6 10. Bb5+ Bd7 11. Bxd7+ Nxd7 12. c4 b6 13. Nb5 Kd8 14. O-O
a6 0-1